000 00242nam a2200097Ia 4500
008 240331s9999 xx 000 0 und d
082 _bPRA
100 _aCharles, N. ed
245 0 _aPracticing feminism :
_bIdentity, difference, power
942 _cL
999 _c1780
_d1780